A E I O U / (Record no. 20772)

MARC details
000 -LEADER
fixed length control field 00905nam a2200289Ka 4500
001 - CONTROL NUMBER
control field 54368706
003 - CONTROL NUMBER IDENTIFIER
control field OCoLC
005 - DATE AND TIME OF LATEST TRANSACTION
control field 20180524165818.0
008 - FIXED-LENGTH DATA ELEMENTS--GENERAL INFORMATION
fixed length control field 040206s1998 nyua b 000 1 spa d
020 ## - INTERNATIONAL STANDARD BOOK NUMBER
International Standard Book Number 0590626914 (pbk.)
020 ## - INTERNATIONAL STANDARD BOOK NUMBER
International Standard Book Number 9780590626910 (pbk.)
040 ## - CATALOGING SOURCE
Original cataloging agency WIM
Transcribing agency WIM
041 ## - LANGUAGE CODE
Language code of text/sound track or separate title spa
100 1# - MAIN ENTRY--PERSONAL NAME
Personal name Cervantes, Jesus P.
245 10 - TITLE STATEMENT
Title A E I O U /
Statement of responsibility, etc. escrito por Jesus Cervantes ; ilustrado por Carlos E. Bernales.
260 ## - PUBLICATION, DISTRIBUTION, ETC. (IMPRINT)
Place of publication, distribution, etc. New York :
Name of publisher, distributor, etc. Scholastic,
Date of publication, distribution, etc. c1998.
300 ## - PHYSICAL DESCRIPTION
Extent 7 p. :
Other physical details ill. ;
Dimensions 18 cm.
490 1# - SERIES STATEMENT
Series statement Cuentos foneticos de Scholastic ;
Volume/sequential designation 1.
520 ## - SUMMARY, ETC.
Summary, etc. A girl is helped by her mother to learn the vowels a, e, i, o, and u.
546 ## - LANGUAGE NOTE
Language note In Spanish.
650 #0 - SUBJECT ADDED ENTRY--TOPICAL TERM
Topical term or geographic name as entry element Reading
General subdivision Phonetic method.
650 #1 - SUBJECT ADDED ENTRY--TOPICAL TERM
Topical term or geographic name as entry element Spanish language materials.
700 1# - ADDED ENTRY--PERSONAL NAME
Personal name Bernales, Carlos E.
Relator code ill.
740 22 - ADDED ENTRY--UNCONTROLLED RELATED/ANALYTICAL TITLE
Uncontrolled related/analytical title A E I O U.
830 #0 - SERIES ADDED ENTRY--UNIFORM TITLE
Uniform title Cuentos foneticos de Scholastic ;
Volume number/sequential designation 1.
942 ## - ADDED ENTRY ELEMENTS (KOHA)
Koha item type Libro/Book
Holdings
Withdrawn status Lost status Source of classification or shelving scheme Damaged status Not for loan Home library Current library Shelving location Date acquired Total Checkouts Barcode Checked out Date last seen Date checked out Price effective from Koha item type
    Dewey Decimal Classification     San Juan Del Sur -- Mobile San francisco de asis Children's Area 11/03/2020 1 33014761 26/04/2022 22/03/2022 22/03/2022 11/03/2020 Libro/Book

Powered by Koha